French religious wars, 1562-1598 (Record no. 13303)
[ view plain ]
| 000 -LEADER | |
|---|---|
| fixed length control field | 00462 a2200133 4500 |
| 245 ## - TITLE STATEMENT | |
| Title | French religious wars, 1562-1598 |
| Medium | |
| 020 ## - INTERNATIONAL STANDARD BOOK NUMBER | |
| International Standard Book Number | 1841763950 (pbk.) |
| 260 ## - PUBLICATION, DISTRIBUTION, ETC. | |
| Place of publication, distribution, etc. | enk |
| Name of publisher, distributor, etc. | Osprey |
| Date of publication, distribution, etc. | 2002 |
| 084 ## - | |
| -- | DC111.3 .K57 2002 |
| 300 ## - PHYSICAL DESCRIPTION | |
| Extent | 96 p. : ill. (some col.), col. maps |
| Other physical details | 25 cm. |
| Dimensions | 96 p. : ill. (some col.), col. maps ; 25 cm. |
| 500 ## - GENERAL NOTE | |
| General note | Robert J. Knecht. |
| 490 ## - SERIES STATEMENT | |
| Series statement | Essential histories (Osprey Publishing) ; 47 |
No items available.